Loreto College Library, Kolkata
WEBOPAC (ONLINE PUBLIC ACCESS CATALOGUE)

Techniques of Teaching Social Sciences (Record no. 40115)

MARC details
000 -LEADER
fixed length control field 00598nam a22002057a 4500
005 - DATE AND TIME OF LATEST TRANSACTION
control field 20010101064059.0
008 - FIXED-LENGTH DATA ELEMENTS--GENERAL INFORMATION
fixed length control field 010101b xxu||||| |||| 00| 0 eng d
020 ## - ISBN | অাই এস বি এন
ISBN | অাই এস বি এন 9788183166348
PRICE 800
040 ## - CATALOGING SOURCE
Original cataloging agency Loreto College
041 ## - LANGUAGE CODE
Language code English
082 ## - DDC | ডিউই
Classification number | বর্গসংখ্যা 371.102
Book Number | গ্রন্থাঙ্ক SSC-RUH
100 ## - MAIN ENTRY--PERSONAL NAME | মুখ্য সংলেখ - ব্যাক্তিনাম
Personal name | ব্যাক্তিনাম Ruhela,S.P.
245 ## - TITLE STATEMENT | অাখ্যা বিবরণী
Title | অাখ্যা Techniques of Teaching Social Sciences
Statement of responsibility | লেখকের দায়িত্বের বিবরণ S.P.Ruhela
260 ## - IMPRINT | প্রকাশনা ক্ষেত্র
Place of publication | প্রকাশ স্থান Hyderabad
Name of publisher | প্রকাশকের নাম Neelkamal Publications
Date of publication | প্রকাশ কাল 2015
300 ## - PHYSICAL DESCRIPTION |
Page / Vol. No | পৃষ্ঠা / খন্ড সংখ্যা xvi,296p.
Other physical details | অনান্য বাহ্যিক বিবরণ 22cm
504 ## - BIBLIOGRAPHY, ETC. NOTE
Bibliography, etc Includes bibliographical references and indexes.
650 ## - SUBJECT ADDED ENTRY--TOPICAL TERM | বিষয় শিরোনাম - মূল বিষয়
Topical term | মূল বিষয় Social Science
Form subdivision | রুপগত বিভাগ Teaching Methods
850 ## - HOLDING INSTITUTION
Holding institution LCBED
942 ## - ADDED ENTRY ELEMENTS (KOHA)
Koha item type Books
Holdings
Withdrawn status Lost status Source of classification Damaged status Not for loan Home library Current library Date acquired Price Total Checkouts Full call number Accession No. Date last seen Price effective from Koha item type
    Dewey Decimal Classification     Loreto College Loreto College 01/01/2001 800.00   371.102 SSC-RUH 15272 43690 01/01/2001 01/01/2001 Books